<?xml version="1.0" encoding="UTF-8"?><?xml-stylesheet type="text/xsl" href="static/style.xsl"?><OAI-PMH xmlns="http://www.openarchives.org/OAI/2.0/" xmlns:xsi="http://www.w3.org/2001/XMLSchema-instance" xsi:schemaLocation="http://www.openarchives.org/OAI/2.0/ http://www.openarchives.org/OAI/2.0/OAI-PMH.xsd"><responseDate>2026-06-02T00:40:33Z</responseDate><request verb="GetRecord" identifier="oai:riuma.uma.es:10630/35942" metadataPrefix="marc">https://riuma.uma.es/rest/oai/request</request><GetRecord><record><header><identifier>oai:riuma.uma.es:10630/35942</identifier><datestamp>2026-02-03T11:35:52Z</datestamp><setSpec>com_10630_2254</setSpec><setSpec>col_10630_37953</setSpec></header><metadata><record xmlns="http://www.loc.gov/MARC21/slim" xmlns:dcterms="http://purl.org/dc/terms/" xmlns:doc="http://www.lyncode.com/xoai" xmlns:xsi="http://www.w3.org/2001/XMLSchema-instance" xsi:schemaLocation="http://www.loc.gov/MARC21/slim http://www.loc.gov/standards/marcxml/schema/MARC21slim.xsd">
   <leader>00925njm 22002777a 4500</leader>
   <datafield ind2=" " ind1=" " tag="042">
      <subfield code="a">dc</subfield>
   </datafield>
   <datafield ind2=" " ind1=" " tag="720">
      <subfield code="a">Navarrete-de-Gálvez, Enrique</subfield>
      <subfield code="e">author</subfield>
   </datafield>
   <datafield ind2=" " ind1=" " tag="720">
      <subfield code="a">Fonda-Pascual, Pablo</subfield>
      <subfield code="e">author</subfield>
   </datafield>
   <datafield ind2=" " ind1=" " tag="720">
      <subfield code="a">Aguilera-Arjona, José</subfield>
      <subfield code="e">author</subfield>
   </datafield>
   <datafield ind2=" " ind1=" " tag="720">
      <subfield code="a">Andrés-Díaz, José Ramón</subfield>
      <subfield code="e">author</subfield>
   </datafield>
   <datafield ind2=" " ind1=" " tag="720">
      <subfield code="a">Navarrete De Gálvez, María</subfield>
      <subfield code="e">author</subfield>
   </datafield>
   <datafield ind2=" " ind1=" " tag="720">
      <subfield code="a">Perera Mohamed, Shiran</subfield>
      <subfield code="e">author</subfield>
   </datafield>
   <datafield ind2=" " ind1=" " tag="720">
      <subfield code="a">De-Gálvez-Aranda, María Victoria</subfield>
      <subfield code="e">author</subfield>
   </datafield>
   <datafield ind2=" " ind1=" " tag="260">
      <subfield code="c">2024-12-05</subfield>
   </datafield>
   <datafield ind2=" " ind1=" " tag="520">
      <subfield code="a">Photodynamic therapy (PDT) light sources must match their emission spectrum with the absorption spectrum of the photosensitizer, provide precise treatment definition, deliver adequate irradiance, avoid thermal damage, and minimize treatment duration. Additionally, they should be adaptable to different photosensitizers, easy to manipulate, and cost-effective.&#xd;
Current LED sources are difficult to customize, rigid, and primarily designed for broad-area treatments. For localized treatments, laser technology is commonly employed.&#xd;
We propose a customizable and programmable LED-based device that not only meets these specifications but also addresses the limitations of current LED sources for localized treatments. It allows for the connection of a fiber optic terminal for internal treatments and can be fitted with light-diffusing devices capable of treating lesions externally or penetrating them internally. This device is an enhanced version of a previously developed source that has demonstrated efficacy in several pilot studies of photodynamic therapy.&#xd;
The proposed equipment shows significant potential for both medical and research applications, enabling the configuration of emission spectra on demand and the establishment of tailored treatment protocols based on the type of lesion being treated.</subfield>
   </datafield>
   <datafield ind1="8" ind2=" " tag="024">
      <subfield code="a">Enrique Navarrete de Gálvez, Pablo Fonda Pascual, José Aguilera Arjona, José Ramón de Andrés Díaz, María Navarrete de Gálvez, Shiran Perera Mohamed, María Victoria de Gálvez Aranda, Proposal and operational evaluation of a device for external and internal photodynamic therapy treatments, Photodiagnosis and Photodynamic Therapy, Volume 51, 2025, 104440, ISSN 1572-1000, https://doi.org/10.1016/j.pdpdt.2024.104440.</subfield>
   </datafield>
   <datafield ind1="8" ind2=" " tag="024">
      <subfield code="a">https://hdl.handle.net/10630/35942</subfield>
   </datafield>
   <datafield ind1="8" ind2=" " tag="024">
      <subfield code="a">10.1016/j.pdpdt.2024.104440</subfield>
   </datafield>
   <datafield tag="653" ind2=" " ind1=" ">
      <subfield code="a">Fototerapia</subfield>
   </datafield>
   <datafield tag="653" ind2=" " ind1=" ">
      <subfield code="a">Luz - Efectos fisiológicos</subfield>
   </datafield>
   <datafield ind2="0" ind1="0" tag="245">
      <subfield code="a">Proposal and operational evaluation of a device for external and internal photodynamic therapy treatments</subfield>
   </datafield>
</record>
</metadata></record></GetRecord></OAI-PMH>